[Event "Winnipeg TNT August op"]
[Site "Winnipeg"]
[Date "2010.08.10"]
[Round "2"]
[White "Czarny, Keith"]
[Black "Lin, Justin"]
[Result "0-1"]
[WhiteElo "1651"]
[BlackElo "1512"]
[PlyCount "106"]
[EventDate "2010.08.03"]
[EventType "swiss"]
[EventRounds "4"]
[EventCountry "CAN"]
[SourceTitle "EXT 2022"]
[Source "ChessBase"]
[SourceDate "2021.10.06"]
[SourceVersion "1"]
[SourceVersionDate "2021.10.06"]
[SourceQuality "1"]

1. Nf3 d5 2. d4 Nc6 3. g3 Bf5 4. Nh4 Bg4 5. h3 Bd7 6. Bg2 e6 7. 0-0 Nf6 8. Nf3 h6 9. Nc3 Bd6 10. Nb5 Bb4 11. c3 Be7 12. Bf4 Rc8 13. a4 a6 14. Na3 0-0 15. b4 Na7 16. Ne5 Bd6 17. Rc1 Bxe5 18. Bxe5 Qe7 19. Qb3 c6 20. c4 Ne4 21. Rc2 Rfd8 22. c5 Qg5 23. Qf3 Nd2 24. Qd3 Nxf1 25. Kxf1 Qg6 26. Qd2 Re8 27. Rc3 Ra8 28. Nc2 Nc8 29. Ne1 f6 30. Bc7 Ne7 31. Nf3 Rac8 32. Nh4 Qf7 33. Bd6 Ng6 34. Nf3 e5 35. h4 e4 36. Nh2 f5 37. Bh3 f4 38. Bxd7 Qxd7 39. gxf4 Nxh4 40. Rg3 Nf5 41. Rg6 Re6 42. Rg1 Nxd6 43. cxd6 Rxd6 44. Ng4 Rg6 45. f5 Rg5 46. f4 Qxf5 47. Nf2 Rxg1+ 48. Kxg1 Re8 49. e3 g5 50. Qe2 gxf4 51. Ng4 Qg6 52. Qg2 Kg7 53. Kf2 h5 0-1

[Event "Winnipeg TNT July op"]
[Site "Winnipeg"]
[Date "2010.07.06"]
[Round "1"]
[White "Rutter, Blair A"]
[Black "Lin, Justin"]
[Result "1-0"]
[WhiteElo "1912"]
[BlackElo "1666"]
[PlyCount "79"]
[EventDate "2010.07.06"]
[EventType "swiss"]
[EventRounds "4"]
[EventCountry "CAN"]
[SourceTitle "EXT 2022"]
[Source "ChessBase"]
[SourceDate "2021.10.06"]
[SourceVersion "1"]
[SourceVersionDate "2021.10.06"]
[SourceQuality "1"]

1. c4 e5 2. g3 Nf6 3. Bg2 c6 4. Nc3 d5 5. cxd5 cxd5 6. d3 Nc6 7. Bg5 d4 8. Ne4 Be7 9. Bxf6 Bxf6 10. Nf3 0-0 11. 0-0 Rb8 12. Rc1 Bd7 13. a3 h6 14. Nfd2 Re8 15. Nxf6+ Qxf6 16. Ne4 Qe7 17. f4 exf4 18. Rxf4 Ne5 19. h3 Rbc8 20. Rxc8 Rxc8 21. Qd2 a6 22. Kh2 Ba4 23. Qa5 Bb5 24. Qb6 Rc2 25. Rf2 Rxb2 26. Qxd4 Rc2 27. Qd5 Bc6 28. Qb3 Rc1 29. Rf5 Bxe4 30. Bxe4 Re1 31. Qb2 Nc4 32. Qc2 Nxa3 33. Qd2 Rb1 34. Bd5 Qd7 35. Bxf7+ Kh7 36. Qf4 Qc6 37. Rd5 Qf6 38. Qe4+ g6 39. Bxg6+ Kg7 40. Rd7+ 1-0